Desarrollo de un laboratorio de redes Profibus en Florida Ice
Guardado en:
| Hovedforfatter: | |
|---|---|
| Format: | Bog |
| Udgivet: |
[San José, Costa Rica]
2006
|
| Fag: | |
| Tags: |
Tilføj Tag
Ingen Tags, Vær først til at tagge denne postø!
|
MARC
| LEADER | 00000nam a2200000Ia 4500 | ||
|---|---|---|---|
| 003 | 009806 | ||
| 005 | 20221231144113.0 | ||
| 008 | 140114s2006 cr a 000 ||s d | ||
| 040 | |c cru CEDI | ||
| 090 | |a TFG 5330 | ||
| 100 | |a Novo Gutiérrez, Francisco Javier |9 5126 | ||
| 245 | |a Desarrollo de un laboratorio de redes Profibus en Florida Ice | ||
| 260 | |c 2006 |b [San José, Costa Rica] | ||
| 300 | |a xii, 59 hojas; ilustraciones a color | ||
| 500 | |a Tesis (licenciatura en ingeniería eléctrica)--Universidad de Costa Rica, Facultad de Ingeniería, Escuela de Ingeniería Eléctrica | ||
| 650 | |x FLORIDA ICE AND FARM COMPANY |x ADMINISTRACION |x ELECTRONICA INDUSTRIAL |x REDES DE INFORMACION |x INVESTIGACIONES |x PROFIBUS (BUS PARA COMPUTADORAS) |x INVESTIGACIONES |9 5127 | ||
| 942 | |c TFG | ||
| 999 | |c 16947 |d 16947 | ||
